Normal view MARC view
  • Tolerancia

Entry Materia

Number of records used in: 1

001 - NÚMERO DE CONTROL DEL REGISTRO

  • campo de control: 50821

003 - IDENTIFICADOR DE NUMERO DE CONTROL

  • campo de control: MX-MxUPN

005 - FECHA Y HORA DE LA ÚLTIMA TRANSACCIÓN

  • campo de control: 20240112101942.0

008 - DATOS DE LONGITUD FIJA

  • campo de control de longitud fija: 240112dn fnnnnbaba n ana d

040 ## - FUENTE DE LA CATALOGACIÓN

  • Centro catalogador de origen: MX-MxUPN

150 ## - ENCABEZAMIENTO - TEMÁTICO

  • Término de materia o nombre geográfico como elemento inicial: Tolerancia
  • Subdivisión de materia general: Leyes y legislación
  • Subdivisión geográfica: América

670 ## - FUENTE EN LA QUE SE LOCALIZARON DATOS

  • Cita de la fuente: Autoridades BGTQ, 12 enero 2024 :
  • Información localizada: (Tolerancia) subdivisión general (Leyes y legislación) (América)

902 ## - CATALOGADOR

  • Catalogador: VíctorGodínez/120124